| 000 | 01443nam0a22003011 4500 | ||
|---|---|---|---|
| 001 | rc\824620 | ||
| 005 | 20260512113443.0 | ||
| 035 | _a(NLR Aleph) 006007077 | ||
| 090 |
_a7289289 _c7289289 |
||
| 100 | _a20041129d1983 u y0rusy50 ca | ||
| 101 | 0 | _arus | |
| 102 | _aRU | ||
| 105 | _ay ||||||||| | ||
| 200 | 1 | _aНормативный метод планирования издержек и цен в добыче нефти | |
| 210 |
_aМ. _cВНИИОЭНГ _d1983 |
||
| 215 |
_a32 с. _d20 |
||
| 225 | 1 |
_aНефтяная промышленность _iСерия "Экономика нефтяной промышленности" _eОбзор. информ. _eПо основным направлениям развития отрасли _fВНИИ орг., упр. и экономики нефтегазовой пром-сти _vВып. 5 (18) |
|
| 300 | _aАвт. указаны в вып. дан. | ||
| 300 | _aВ надзаг. также: М-во нефт. пром-сти | ||
| 320 | _aБиблиогр.: с. 28 | ||
| 700 | 1 |
_7ca _8rus _aВасильева _bВ. К. _cканд. экон. наук, нефтедобывающая пром-сть _gВалентина Кононовна _92708531 _3RU\NLR\AUTH\770293436 |
|
| 701 | 1 |
_aКосинов _bН. Н. _gНиколай Николаевич |
|
| 801 | 0 |
_aRU _bNLR _gpsbo |
|
| 801 | 1 |
_aRU _bELAR _2rusmarc |
|
| 852 |
_aNLR _jП22/4925 |
||
| 942 | _cBOOK | ||
| 980 | _aNB | ||